00405cam a2200157ua 45000010005000000080039000050400009000440820008000531000032000612450046000932500009001392600035001483000017001836530018002007000029002185196120730n ii |||gr||||Z||||||eng cMAIN a822 aCongreve, William,eAuthor,11aThe way of the worldcby William Congreve a1st. aAgra:bLakshmi narain agarwal. a256p:c15cm. aEnglish drama aBanerji, S. K.,eEditor,